[Event "CHN Team"]
[Site "Beijing"]
[Date "2017.06.11"]
[Round "6.5"]
[White "Yu, Kaifeng"]
[Black "Wang, Rui"]
[Result "1/2-1/2"]
[WhiteElo "2270"]
[BlackElo "2376"]
[PlyCount "62"]
[EventDate "2017.06.06"]
[EventType "team-swiss"]
[EventRounds "9"]
[EventCountry "CHN"]
[SourceTitle "CBM 178 Extra"]
[Source "ChessBase"]
[SourceDate "2017.06.22"]
[SourceVersion "1"]
[SourceVersionDate "2017.06.22"]
[SourceQuality "1"]
[WhiteTeam "Shenzhen"]
[BlackTeam "Hebei"]
[WhiteTeamCountry "CHN"]
[BlackTeamCountry "CHN"]

1. d4 d5 2. c4 dxc4 3. Nf3 Nf6 4. e3 e6 5. Bxc4 c5 6. 0-0 a6 7. dxc5 Bxc5 8. Qxd8+ Kxd8 9. Be2 Nbd7 10. Nbd2 b6 11. Rd1 Ke7 12. Nc4 Bb7 13. b3 Rhd8 14. Bb2 Bd5 15. Nd4 Rac8 16. Rac1 Kf8 17. f3 Bb7 18. a3 Nd5 19. b4 Be7 20. Kf2 Ba8 21. e4 Nf4 22. Bf1 b5 23. Ne3 Nb6 24. g3 Ng6 25. Nb3 Rxd1 26. Rxc8+ Nxc8 27. Nxd1 Nb6 28. Bd4 Nd7 29. Nc3 Nge5 30. Nc5 Nxc5 31. Bxe5 Nd7 1/2-1/2

[Event "CHN Team"]
[Site "Beijing"]
[Date "2017.06.06"]
[Round "1.2"]
[White "Wang, Rui"]
[Black "Xu, Jun"]
[Result "1-0"]
[WhiteElo "2376"]
[BlackElo "2514"]
[PlyCount "85"]
[EventDate "2017.06.06"]
[EventType "team-swiss"]
[EventRounds "9"]
[EventCountry "CHN"]
[SourceTitle "CBM 178 Extra"]
[Source "ChessBase"]
[SourceDate "2017.06.22"]
[SourceVersion "1"]
[SourceVersionDate "2017.06.22"]
[SourceQuality "1"]
[WhiteTeam "Hebei"]
[BlackTeam "Jiangsu"]
[WhiteTeamCountry "CHN"]
[BlackTeamCountry "CHN"]

1. e4 c5 2. Nf3 d6 3. d4 cxd4 4. Nxd4 Nf6 5. Nc3 a6 6. Be2 e5 7. Nb3 Be7 8. a4 Be6 9. 0-0 0-0 10. Be3 Nbd7 11. a5 Rc8 12. Bf3 Qc7 13. Re1 Rfd8 14. Nc1 Nc5 15. Nd3 Nxd3 16. cxd3 Re8 17. h3 h6 18. Qd2 Qd8 19. Bb6 Qd7 20. Bd1 Bd8 21. Ba4 Qe7 22. Bxe8 Qxe8 23. Bxd8 Qxd8 24. d4 exd4 25. Qxd4 Rc4 26. Qd3 Qc7 27. Red1 Rc6 28. Qe3 Rc4 29. Qf4 Rc6 30. Rdc1 Rc4 31. Ne2 Qc5 32. Rxc4 Qxc4 33. Ng3 Qb4 34. Rd1 d5 35. Qb8+ Kh7 36. exd5 Bxd5 37. Qe5 Qxa5 38. Nh5 Nxh5 39. Rxd5 Qa1+ 40. Kh2 g6 41. Rd7 Qa2 42. Rxb7 Ng7 43. Qf6 1-0

[Event "CHN Team"]
[Site "Wuxi"]
[Date "2016.08.02"]
[Round "7.5"]
[White "Wu, Hao"]
[Black "Wang, Rui"]
[Result "0-1"]
[WhiteElo "1600"]
[BlackElo "2386"]
[PlyCount "104"]
[EventDate "2016.07.28"]
[EventType "team-swiss"]
[EventRounds "9"]
[EventCountry "CHN"]
[SourceTitle "CBM 173 Extra"]
[Source "ChessBase"]
[SourceDate "2016.08.29"]
[SourceVersion "1"]
[SourceVersionDate "2016.08.29"]
[SourceQuality "1"]
[WhiteTeam "Shanxi Huxiaoling"]
[BlackTeam "Hebei Ticai"]
[WhiteTeamCountry "CHN"]
[BlackTeamCountry "CHN"]

1. e4 c5 2. c3 d5 3. exd5 Qxd5 4. d4 Nf6 5. Be3 Ng4 6. Bb5+ Nc6 7. Qf3 Qxf3 8. Nxf3 e6 9. Bxc6+ bxc6 10. 0-0 Ba6 11. Re1 Nxe3 12. fxe3 Rb8 13. b3 Be7 14. Ne5 Rc8 15. c4 cxd4 16. exd4 0-0 17. Nc3 Bb4 18. Rac1 Rfd8 19. Red1 f6 20. Nf3 c5 21. d5 Bb7 22. dxe6 Rxd1+ 23. Nxd1 Re8 24. Nf2 Rxe6 25. Nd3 a5 26. a4 Re3 27. Nxb4 axb4 28. Rb1 Re2 29. Rd1 Bxf3 30. gxf3 Rb2 31. Rd3 g5 32. Rd5 Rxb3 33. Rxc5 Rxf3 34. Rb5 Rb3 35. a5 Ra3 36. c5 Kf7 37. Rb7+ Ke6 38. Rb6+ Kd5 39. c6 Rxa5 40. c7 Ra1+ 41. Kf2 Rc1 42. Rxb4 Rxc7 43. Kf3 h5 44. h4 Rc3+ 45. Kf2 Rc4 46. Rb5+ Rc5 47. Rb8 Ke4 48. Rh8 g4 49. Rh6 f5 50. Rxh5 Rc2+ 51. Kg3 Rc3+ 52. Kf2 f4 0-1

[Event "CHN Team"]
[Site "Wuxi"]
[Date "2016.08.01"]
[Round "6.6"]
[White "Wang, Rui"]
[Black "Zhao, Chenxi"]
[Result "1-0"]
[WhiteElo "2386"]
[BlackElo "2052"]
[PlyCount "65"]
[EventDate "2016.07.28"]
[EventType "team-swiss"]
[EventRounds "9"]
[EventCountry "CHN"]
[SourceTitle "CBM 173 Extra"]
[Source "ChessBase"]
[SourceDate "2016.08.29"]
[SourceVersion "1"]
[SourceVersionDate "2016.08.29"]
[SourceQuality "1"]
[WhiteTeam "Hebei Ticai"]
[BlackTeam "Shenzhen Qiyuan"]
[WhiteTeamCountry "CHN"]
[BlackTeamCountry "CHN"]

1. c4 e5 2. Nc3 Nf6 3. g3 Bb4 4. Bg2 0-0 5. e3 c6 6. Qb3 Na6 7. Nge2 Nc5 8. Qc2 d5 9. cxd5 cxd5 10. a3 Bxc3 11. Qxc3 b6 12. d4 exd4 13. exd4 Nce4 14. Qd3 a5 15. 0-0 Ba6 16. Qd1 Re8 17. Re1 Ng4 18. Bxe4 dxe4 19. Nc3 Nf6 20. Bg5 Bd3 21. d5 h6 22. Bxf6 Qxf6 23. a4 Rad8 24. Re3 Qg6 25. Qd2 f5 26. Kh1 Qd6 27. f3 Qb4 28. fxe4 fxe4 29. Qg2 Rd7 30. Rae1 Rf7 31. Rxd3 Ref8 32. Qxe4 Qxb2 33. Qe2 1-0

[Event "CHN Team"]
[Site "Wuxi"]
[Date "2016.07.30"]
[Round "4.4"]
[White "Wang, Rui"]
[Black "Yu, Lie"]
[Result "1/2-1/2"]
[WhiteElo "2386"]
[BlackElo "2321"]
[PlyCount "70"]
[EventDate "2016.07.28"]
[EventType "team-swiss"]
[EventRounds "9"]
[EventCountry "CHN"]
[SourceTitle "CBM 173 Extra"]
[Source "ChessBase"]
[SourceDate "2016.08.29"]
[SourceVersion "1"]
[SourceVersionDate "2016.08.29"]
[SourceQuality "1"]
[WhiteTeam "Hebei Ticai"]
[BlackTeam "Zhejiang Feiao"]
[WhiteTeamCountry "CHN"]
[BlackTeamCountry "CHN"]

1. e4 g6 2. d4 Bg7 3. c4 d6 4. Nc3 Nc6 5. Be3 e5 6. d5 Nce7 7. Qd2 f5 8. f3 Nf6 9. Bd3 0-0 10. Nge2 Bd7 11. 0-0-0 a6 12. Kb1 b5 13. Rc1 Rb8 14. c5 b4 15. Nd1 Bb5 16. h3 Nd7 17. c6 Nc5 18. Bxc5 dxc5 19. Rxc5 Qd6 20. Rc2 Bh6 21. Ne3 fxe4 22. fxe4 Rf2 23. Bxb5 axb5 24. Qd3 Rbf8 25. Ng4 Rf1+ 26. Rxf1 Rxf1+ 27. Nc1 Rxc1+ 28. Rxc1 Bxc1 29. Kxc1 h5 30. Ne3 Qc5+ 31. Kd2 Nc8 32. g4 h4 33. d6 Nxd6 34. Qd5+ Kg7 35. Kd3 Qc1 1/2-1/2

[Event "CHN Team"]
[Site "Wuxi"]
[Date "2016.07.29"]
[Round "2.3"]
[White "Wang, Rui"]
[Black "Lou, Yiping"]
[Result "1/2-1/2"]
[WhiteElo "2386"]
[BlackElo "2448"]
[PlyCount "61"]
[EventDate "2016.07.28"]
[EventType "team-swiss"]
[EventRounds "9"]
[EventCountry "CHN"]
[SourceTitle "CBM 173 Extra"]
[Source "ChessBase"]
[SourceDate "2016.08.29"]
[SourceVersion "1"]
[SourceVersionDate "2016.08.29"]
[SourceQuality "1"]
[WhiteTeam "Hebei Ticai"]
[BlackTeam "Shanghai"]
[WhiteTeamCountry "CHN"]
[BlackTeamCountry "CHN"]

1. e4 e6 2. d4 d5 3. exd5 exd5 4. Bd3 Bd6 5. Nf3 Nf6 6. 0-0 0-0 7. Bg5 Bg4 8. Nbd2 Nbd7 9. c3 c6 10. Qc2 Qc7 11. Bh4 Bh5 12. Bg3 Bg6 13. Rfe1 Rae8 14. Nh4 Bxg3 15. hxg3 Bxd3 16. Qxd3 g6 17. Nhf3 Kg7 18. Qc2 Qb8 19. Kf1 Rxe1+ 20. Rxe1 Re8 21. Rxe8 Nxe8 22. Qd3 Nd6 23. Qe3 Nf5 24. Qf4 Qxf4 25. gxf4 f6 26. Ke2 h5 27. Nf1 Nb6 28. Ne1 Nc4 29. Nd3 Kf7 30. Nd2 Nxd2 31. Kxd2 1/2-1/2

[Event "CHN-chT"]
[Site "China"]
[Date "2015.08.22"]
[Round "14.6"]
[White "Xu, Xiangyu"]
[Black "Wang, Rui"]
[Result "1-0"]
[WhiteElo "2243"]
[BlackElo "2403"]
[PlyCount "47"]
[EventDate "2015.04.10"]
[EventType "team-match"]
[EventRounds "22"]
[EventCountry "CHN"]
[SourceTitle "EXT 2016"]
[Source "ChessBase"]
[SourceDate "2015.10.08"]
[SourceVersion "1"]
[SourceVersionDate "2015.10.08"]
[SourceQuality "1"]
[WhiteTeam "Chengdu"]
[BlackTeam "Heibei"]
[WhiteTeamCountry "CHN"]
[BlackTeamCountry "CHN"]

1. e4 e5 2. Nf3 Nc6 3. Bc4 Bc5 4. 0-0 Nf6 5. d4 Bxd4 6. Nxd4 Nxd4 7. f4 d6 8. fxe5 dxe5 9. Bg5 Be6 10. Na3 Qe7 11. c3 Bxc4 12. Bxf6 gxf6 13. Nxc4 Ne6 14. Kh1 Qc5 15. Na3 Rg8 16. Rxf6 Nf4 17. Rf5 Rg6 18. g3 Nh3 19. Qf1 Ng5 20. Rd1 f6 21. Rxf6 Nxe4 22. Rf5 Rg5 23. Rf3 Rd8 24. Rf8+ 1-0

[Event "CHN-chT"]
[Site "China"]
[Date "2015.08.21"]
[Round "13.1"]
[White "Wang, Rui"]
[Black "Nguyen, Ngoc Truong Son"]
[Result "1/2-1/2"]
[WhiteElo "2403"]
[BlackElo "2662"]
[PlyCount "114"]
[EventDate "2015.04.10"]
[EventType "team-match"]
[EventRounds "22"]
[EventCountry "CHN"]
[SourceTitle "EXT 2016"]
[Source "ChessBase"]
[SourceDate "2015.10.08"]
[SourceVersion "1"]
[SourceVersionDate "2015.10.08"]
[SourceQuality "1"]
[WhiteTeam "Heibei"]
[BlackTeam "Qingdao"]
[WhiteTeamCountry "CHN"]
[BlackTeamCountry "CHN"]

1. d4 d5 2. c4 c6 3. cxd5 cxd5 4. Nc3 e6 5. Bf4 Bd6 6. Bxd6 Qxd6 7. e3 Ne7 8. Bd3 Nbc6 9. Rc1 0-0 10. Nge2 Bd7 11. 0-0 Rfc8 12. a3 Na5 13. Rc2 Nc4 14. Bxc4 Rxc4 15. Qb1 Rac8 16. Rfc1 R4c7 17. Na2 Nc6 18. b4 Ne7 19. Rxc7 Rxc7 20. Qd3 Nc8 21. Rxc7 Qxc7 22. Nac3 Nd6 23. Nb1 Qc4 24. Qxc4 Nxc4 25. Nec3 f6 26. Kf1 Be8 27. Ke2 Bg6 28. Kd1 Nb2+ 29. Ke2 Kf7 30. Nd2 Ke7 31. f3 Bd3+ 32. Kf2 b6 33. g3 Kd6 34. e4 a6 35. Ke3 Bc2 36. Ke2 g5 37. h3 h6 38. Ke3 Bd3 39. Kf2 dxe4 40. fxe4 f5 41. Ke3 fxe4 42. h4 gxh4 43. gxh4 Ke7 44. d5 exd5 45. Nxd5+ Ke6 46. Nxb6 Kf5 47. Nd5 Kg4 48. Nxe4 Kxh4 49. Nc5 Bc4 50. Nc7 Kg3 51. a4 h5 52. b5 Nxa4 53. bxa6 Bxa6 54. Ne4+ Kg2 55. Nxa6 h4 56. Ng5 h3 57. Nxh3 Kxh3 1/2-1/2

[Event "CHN-chT"]
[Site "China"]
[Date "2015.07.26"]
[Round "10.5"]
[White "Xu, Yi"]
[Black "Wang, Rui"]
[Result "1-0"]
[WhiteElo "2356"]
[BlackElo "2403"]
[PlyCount "87"]
[EventDate "2015.04.10"]
[EventType "team-match"]
[EventRounds "22"]
[EventCountry "CHN"]
[SourceTitle "EXT 2016"]
[Source "ChessBase"]
[SourceDate "2015.10.08"]
[SourceVersion "1"]
[SourceVersionDate "2015.10.08"]
[SourceQuality "1"]
[WhiteTeam "Shanghai"]
[BlackTeam "Heibei"]
[WhiteTeamCountry "CHN"]
[BlackTeamCountry "CHN"]

1. e4 e5 2. Nf3 Nc6 3. Bc4 Be7 4. d4 d6 5. h3 Nf6 6. Nc3 0-0 7. 0-0 h6 8. Re1 a6 9. a4 Re8 10. dxe5 Nxe5 11. Bb3 Bf8 12. Bf4 Ng6 13. Bh2 Be6 14. Bxe6 Rxe6 15. Nd4 Re8 16. f4 c6 17. Kh1 Qa5 18. Nb3 Qc7 19. a5 Rad8 20. Qf3 Rd7 21. Nd4 Qd8 22. Nf5 Nh7 23. Qg4 Nf6 24. Qf3 Nh7 25. Qg4 Kh8 26. Bg1 Ne7 27. Bb6 Qc8 28. Ne3 d5 29. exd5 Nf6 30. Qh4 Nexd5 31. Nexd5 Nxd5 32. Bd4 Nb4 33. Rxe8 Qxe8 34. Re1 Qc8 35. Bb6 Nxc2 36. Re4 Nb4 37. Qe1 Nd3 38. Qe3 Rd6 39. Re8 Qf5 40. Rxf8+ Kh7 41. Qe4 Qxe4 42. Nxe4 Re6 43. Nc5 Re1+ 44. Kh2 1-0

[Event "CHN-chT"]
[Site "China"]
[Date "2015.04.12"]
[Round "3.6"]
[White "Wang, Rui"]
[Black "Liu, Guanchu"]
[Result "0-1"]
[WhiteElo "2403"]
[BlackElo "2379"]
[PlyCount "94"]
[EventDate "2015.04.10"]
[EventType "team-match"]
[EventRounds "22"]
[EventCountry "CHN"]
[SourceTitle "CBM 165 Extra"]
[Source "ChessBase"]
[SourceDate "2015.04.21"]
[SourceVersion "1"]
[SourceVersionDate "2015.04.21"]
[SourceQuality "1"]
[WhiteTeam "Heibei"]
[BlackTeam "Chengdu"]
[WhiteTeamCountry "CHN"]
[BlackTeamCountry "CHN"]

1. d4 f5 2. g3 Nf6 3. Bg2 g6 4. Nh3 Bg7 5. Nf4 d6 6. d5 Na6 7. h4 Nc5 8. Nc3 Ng4 9. h5 g5 10. Nd3 h6 11. e3 0-0 12. Bd2 e5 13. dxe6 Bxe6 14. Qe2 c6 15. Nxc5 dxc5 16. f4 b5 17. Bxc6 b4 18. Nd1 Rc8 19. Bf3 Bd5 20. 0-0 Bxf3 21. Rxf3 Qe8 22. a3 Qe4 23. axb4 cxb4 24. c3 Rfd8 25. Be1 b3 26. Nf2 Nxf2 27. Rxf2 Rd3 28. Ra4 Qxe3 29. Qxe3 Rxe3 30. Bd2 Rxg3+ 31. Kh2 Rg4 32. Ra5 gxf4 33. Rb5 Rc4 34. Rxb3 Be5 35. Rb5 Re4 36. Rxe5 Rxe5 37. Bxf4 Re6 38. Bb8 a6 39. Ba7 Rg5 40. Bd4 Re4 41. Kh3 Rxh5+ 42. Kg3 Rg4+ 43. Kf3 Rh3+ 44. Ke2 Re4+ 45. Kd2 f4 46. b4 Kf7 47. Rg2 Rg3 0-1

[Event "CHN-chT"]
[Site "China"]
[Date "2014.12.09"]
[Round "22.3"]
[White "Wang, Rui"]
[Black "Liu, Guanchu"]
[Result "1/2-1/2"]
[WhiteElo "2398"]
[BlackElo "2358"]
[PlyCount "120"]
[EventDate "2014.04.12"]
[EventType "team-tourn"]
[EventRounds "22"]
[EventCountry "CHN"]
[SourceTitle "EXT 2016"]
[Source "ChessBase"]
[SourceDate "2015.10.08"]
[SourceVersion "1"]
[SourceVersionDate "2015.10.08"]
[SourceQuality "1"]
[WhiteTeam "Hebei"]
[BlackTeam "Chengdu"]
[WhiteTeamCountry "CHN"]
[BlackTeamCountry "CHN"]

1. b3 f5 2. Bb2 Nf6 3. g3 d6 4. Bxf6 gxf6 5. e3 Bg7 6. Qh5+ Kf8 7. Bh3 Qe8 8. Qxe8+ Kxe8 9. Nf3 Nc6 10. 0-0 e6 11. c4 Ne5 12. Bg2 c6 13. Nc3 Bd7 14. d4 Nxf3+ 15. Bxf3 d5 16. Rab1 Ke7 17. Rfc1 b6 18. Ne2 Rhc8 19. Rc2 Rab8 20. Rbc1 Kd8 21. Nf4 Bf8 22. Nd3 Ba3 23. Rd1 Ke7 24. Kg2 a5 25. h3 Be8 26. Be2 Bd6 27. Rdc1 Ba3 28. Rb1 Bd6 29. c5 bxc5 30. Nxc5 Bg6 31. f4 e5 32. Nd3 exd4 33. exd4 Ba3 34. Bf3 Kd6 35. Re1 Re8 36. Rxe8 Rxe8 37. Kf2 Re4 38. Bxe4 fxe4 39. Ne1 Bb4 40. Rc1 h5 41. Ke3 Bf5 42. Nc2 Bc3 43. Rh1 Bc8 44. Rh2 f5 45. Rh1 Ba6 46. Rd1 Bb5 47. Na3 Bd3 48. Nb1 Bxb1 49. Rxb1 c5 50. dxc5+ Kxc5 51. a3 d4+ 52. Ke2 Kd5 53. Rc1 d3+ 54. Ke3 Bb2 55. Rc8 Bxa3 56. Kd2 Bb4+ 57. Ke3 Bc5+ 58. Kd2 Bb4+ 59. Ke3 Bc5+ 60. Kd2 Bb4+ 1/2-1/2

[Event "CHN-chT"]
[Site "China"]
[Date "2014.07.27"]
[Round "11.3"]
[White "Xu, Xiangyu"]
[Black "Wang, Rui"]
[Result "1/2-1/2"]
[WhiteElo "2101"]
[BlackElo "2398"]
[PlyCount "123"]
[EventDate "2014.04.12"]
[EventType "team-tourn"]
[EventRounds "22"]
[EventCountry "CHN"]
[SourceTitle "EXT 2015"]
[Source "ChessBase"]
[SourceDate "2014.11.20"]
[SourceVersion "1"]
[SourceVersionDate "2014.11.20"]
[SourceQuality "1"]
[WhiteTeam "Chengdu"]
[BlackTeam "Hebei"]
[WhiteTeamCountry "CHN"]
[BlackTeamCountry "CHN"]

1. f4 d5 2. Nf3 g6 3. g3 Bg7 4. Bg2 Nh6 5. 0-0 Nf5 6. e3 0-0 7. d3 Nc6 8. d4 Nd6 9. Nc3 e6 10. Re1 Ne7 11. Ne5 b6 12. e4 Bb7 13. exd5 Nxd5 14. Nxd5 Bxd5 15. Nc6 Qd7 16. Ne5 Qc8 17. Bxd5 exd5 18. Qf3 c6 19. b3 Re8 20. Bb2 f6 21. Nd3 Qd7 22. Nf2 Re6 23. Rxe6 Qxe6 24. Bc3 f5 25. Re1 Qd7 26. Nd3 Ne4 27. Ne5 Qe6 28. Bb2 Nd6 29. Bc3 Qd7 30. Nd3 Ne4 31. Ne5 Qe6 32. Bb2 Bxe5 33. dxe5 c5 34. Rd1 Rd8 35. Qe2 Qc8 36. Qb5 h5 37. a4 Qb7 38. a5 g5 39. Qe2 h4 40. gxh4 gxf4 41. Qh5 Qg7+ 42. Kf1 Qg4 43. Qxg4+ fxg4 44. Bc1 f3 45. c4 d4 46. Re1 Nc3 47. Bd2 Ne2 48. Kf2 Rf8 49. Bg5 Nf4 50. Re4 Nh3+ 51. Kf1 Nxg5 52. Rxg4 d3 53. Kf2 Rf4 54. Rxg5+ Kf7 55. Rg1 Rxh4 56. Rd1 Rxh2+ 57. Kxf3 d2 58. axb6 axb6 59. Kg3 Re2 60. Kf3 Rxe5 61. Rxd2 Ke6 62. Re2 1/2-1/2

[Event "CHN-chT"]
[Site "China"]
[Date "2014.07.26"]
[Round "10.5"]
[White "Wang, Rui"]
[Black "Fang, Yuxiang"]
[Result "1/2-1/2"]
[WhiteElo "2398"]
[BlackElo "2351"]
[PlyCount "68"]
[EventDate "2014.04.12"]
[EventType "team-tourn"]
[EventRounds "22"]
[EventCountry "CHN"]
[SourceTitle "EXT 2015"]
[Source "ChessBase"]
[SourceDate "2014.11.20"]
[SourceVersion "1"]
[SourceVersionDate "2014.11.20"]
[SourceQuality "1"]
[WhiteTeam "Hebei"]
[BlackTeam "Qingdao Qingwei"]
[WhiteTeamCountry "CHN"]
[BlackTeamCountry "CHN"]

1. d4 d5 2. Bg5 c6 3. e3 h6 4. Bh4 Qb6 5. Qc1 Bf5 6. Nf3 e6 7. c4 Nd7 8. Nc3 Ngf6 9. c5 Qd8 10. Be2 Be7 11. 0-0 0-0 12. b4 a6 13. a4 b6 14. Qb2 Qc8 15. cxb6 Nxb6 16. Bxf6 Bxf6 17. a5 Nd7 18. Ra3 Qb7 19. Rb3 Rab8 20. Nd2 Rfc8 21. Na4 Qa7 22. Rc1 Be7 23. Rcc3 Bf6 24. Nc5 Nxc5 25. bxc5 e5 26. Nf3 exd4 27. exd4 Bg4 28. Qd2 Bxf3 29. Bxf3 Bg5 30. Qa2 Bf6 31. Qd2 Bg5 32. Qb2 Re8 33. Rb6 Qc7 34. g3 Bf6 1/2-1/2

[Event "CHN-chT"]
[Site "China"]
[Date "2014.06.05"]
[Round "7.1"]
[White "Wang, Rui"]
[Black "Bologan, Viktor"]
[Result "1/2-1/2"]
[WhiteElo "2398"]
[BlackElo "2661"]
[PlyCount "149"]
[EventDate "2014.04.12"]
[EventType "team-tourn"]
[EventRounds "22"]
[EventCountry "CHN"]
[SourceTitle "EXT 2015"]
[Source "ChessBase"]
[SourceDate "2014.11.20"]
[SourceVersion "1"]
[SourceVersionDate "2014.11.20"]
[SourceQuality "1"]
[WhiteTeam "Hebei"]
[BlackTeam "Beijing"]
[WhiteTeamCountry "CHN"]
[BlackTeamCountry "CHN"]

1. e4 c5 2. Nf3 d6 3. d4 cxd4 4. Nxd4 Nf6 5. Nc3 a6 6. Be2 e5 7. Nb3 Be7 8. 0-0 0-0 9. Be3 Be6 10. a4 Nbd7 11. a5 Rc8 12. Qd2 Qc7 13. Rfd1 h6 14. Nc1 Rfd8 15. Qe1 Nh7 16. f3 Nhf6 17. Nd3 d5 18. exd5 Bxd5 19. Rdc1 Be6 20. Kh1 Qb8 21. Qg1 Rc6 22. Na4 Nd5 23. Ba7 Qc7 24. c3 f5 25. c4 Rxc4 26. Nac5 Rxc1 27. Rxc1 Nxc5 28. Nxc5 Bxc5 29. Rxc5 Qe7 30. Bc4 f4 31. Qe1 Bf7 32. Bxd5 Bxd5 33. Bb6 Rd7 34. Kg1 Qe6 35. Rc7 Rd6 36. Bc5 Rc6 37. Rxc6 Qxc6 38. b4 e4 39. fxe4 Bxe4 40. Qd2 Qg6 41. Kf1 Qf6 42. Qd4 Qf5 43. Qf2 Bc6 44. Kg1 Qe4 45. h3 Kh7 46. Kh2 g5 47. Bd6 Kg6 48. Bc5 Bd5 49. Bf8 Qe5 50. Kg1 Qe4 51. Kh2 Kh5 52. Bc5 Qd3 53. Qe1 Bc6 54. Qf2 Kg6 55. Bf8 Qd5 56. Qc2+ Kf6 57. Qe2 Kf5 58. Bc5 h5 59. Qc2+ Kf6 60. Qe2 Kg6 61. Qc2+ Kg7 62. Qb2+ Kg8 63. Qe2 Qb3 64. Qf2 Qd3 65. h4 Qf5 66. hxg5 f3 67. gxf3 Bxf3 68. Qd2 Bd5 69. Qe3 Bc6 70. Qb3+ Kh7 71. Qg3 Qe4 72. Qc7+ Kg6 73. Qd6+ Kf5 74. Qf6+ Kg4 75. Qd4 1/2-1/2

[Event "CHN-chT"]
[Site "China"]
[Date "2014.06.03"]
[Round "5.2"]
[White "Wang, Rui"]
[Black "Bu, Xiangzhi"]
[Result "0-1"]
[WhiteElo "2398"]
[BlackElo "2699"]
[PlyCount "92"]
[EventDate "2014.04.12"]
[EventType "team-tourn"]
[EventRounds "22"]
[EventCountry "CHN"]
[SourceTitle "EXT 2015"]
[Source "ChessBase"]
[SourceDate "2014.11.20"]
[SourceVersion "1"]
[SourceVersionDate "2014.11.20"]
[SourceQuality "1"]
[WhiteTeam "Hebei"]
[BlackTeam "Shandong"]
[WhiteTeamCountry "CHN"]
[BlackTeamCountry "CHN"]

1. e4 c5 2. Nf3 Nc6 3. Bb5 g6 4. 0-0 Bg7 5. Bxc6 bxc6 6. Re1 Nf6 7. e5 Nd5 8. b3 0-0 9. Bb2 f6 10. exf6 Nxf6 11. Qe2 e6 12. Nc3 Nd5 13. Na4 d6 14. Bxg7 Kxg7 15. Nc3 e5 16. Nxd5 cxd5 17. h3 a5 18. d3 Ra7 19. Nh2 Raf7 20. Rf1 h5 21. Qd2 Rf4 22. Rae1 Ba6 23. f3 Bb7 24. Rb1 Bc6 25. Qe1 R8f7 26. Qd2 a4 27. Rbe1 Qb6 28. Kh1 Qb4 29. Qxb4 Rxb4 30. Rd1 d4 31. Kg1 d5 32. Rfe1 Kf6 33. Nf1 Ra7 34. Ra1 c4 35. dxc4 dxc4 36. Nd2 c3 37. Nc4 axb3 38. axb3 Rxa1 39. Rxa1 Bd5 40. Ra6+ Kf5 41. Nd6+ Kf4 42. Kf2 h4 43. Ne8 d3 44. cxd3 Rxb3 45. Rf6+ Kg5 46. Ke3 Rb1 0-1

[Event "CHN-chT"]
[Site "China"]
[Date "2013.10.10"]
[Round "11.4"]
[White "Lin, Chen"]
[Black "Wang, Rui"]
[Result "0-1"]
[WhiteElo "2472"]
[BlackElo "2408"]
[PlyCount "130"]
[EventDate "2013.04.30"]
[EventType "team-tourn"]
[EventRounds "22"]
[EventCountry "CHN"]
[SourceTitle "EXT 2014"]
[Source "ChessBase"]
[SourceDate "2013.11.20"]
[SourceVersion "1"]
[SourceVersionDate "2013.11.20"]
[SourceQuality "1"]
[WhiteTeam "Jiangsu"]
[BlackTeam "Hebei"]
[WhiteTeamCountry "CHN"]
[BlackTeamCountry "CHN"]

1. e4 c6 2. d4 d5 3. Nd2 dxe4 4. Nxe4 Bf5 5. Ng3 Bg6 6. Nh3 Nf6 7. Nf4 e5 8. Nxg6 hxg6 9. Be3 Nbd7 10. Bc4 Bd6 11. 0-0 Qc7 12. Re1 0-0 13. Qd3 b5 14. Bb3 exd4 15. Bxd4 c5 16. Qxg6 Bxg3 17. hxg3 c4 18. Qg5 Qd6 19. Red1 Qe6 20. Qxb5 cxb3 21. axb3 a6 22. Qg5 Rac8 23. Re1 Qd5 24. Qxd5 Nxd5 25. c3 Rc6 26. Ra5 Nc7 27. b4 Re8 28. Rxe8+ Nxe8 29. b5 axb5 30. Rxb5 Nd6 31. Ra5 f6 32. f3 Nf8 33. Kf2 Ne6 34. Be3 Nc4 35. Rb5 Kf7 36. g4 Ke7 37. f4 Nc7 38. Rb7 Nxe3 39. Kxe3 Re6+ 40. Kf3 Kd7 41. c4 Kc8 42. Rb4 Re1 43. f5 Rd1 44. Rb6 Rd3+ 45. Ke4 Rg3 46. Kf4 Rxg2 47. b3 Rg1 48. Kf3 Rc1 49. Kg3 Ne8 50. Kh4 Kc7 51. Re6 Rh1+ 52. Kg3 Kd7 53. c5 Rb1 54. Rb6 Nc7 55. Kh4 Rh1+ 56. Kg3 Rc1 57. b4 Rc4 58. Kh4 Kc8 59. Kh5 Nd5 60. Rc6+ Kb7 61. Rd6 Nf4+ 62. Kh4 Kc7 63. Rb6 Nd5 64. Re6 Rxb4 65. Re8 Rb8 0-1

[Event "Kuala Lumpur op 10th"]
[Site "Kuala Lumpur"]
[Date "2013.08.12"]
[Round "5"]
[White "Docena, Jerad"]
[Black "Wang, Rui"]
[Result "0-1"]
[WhiteElo "2125"]
[BlackElo "2408"]
[PlyCount "106"]
[EventDate "2013.08.10"]
[EventType "swiss"]
[EventRounds "9"]
[EventCountry "MAS"]
[SourceTitle "CBM 156 Extra"]
[Source "ChessBase"]
[SourceDate "2013.10.22"]
[SourceVersion "1"]
[SourceVersionDate "2013.10.22"]
[SourceQuality "1"]

1. e4 c6 2. d4 d5 3. e5 Bf5 4. Nf3 e6 5. Be2 Nd7 6. 0-0 Ne7 7. Nh4 c5 8. c3 Be4 9. Nd2 Nc6 10. Nhf3 cxd4 11. cxd4 Bg6 12. a3 Qb6 13. Qa4 Be7 14. b3 0-0 15. Bb2 Rac8 16. b4 Rc7 17. Rac1 Rfc8 18. Nb3 a6 19. Nc5 Ncxe5 20. Nd2 Nc6 21. Rfe1 Bg5 22. Qd1 a5 23. Na4 Qa7 24. b5 Ne7 25. Rxc7 Rxc7 26. Nf3 Bc2 27. Qa1 Bh6 28. Nc5 Nb6 29. Bc1 Bxc1 30. Qxc1 Bg6 31. Qf4 Rc8 32. Ne5 Nc4 33. Bg4 Nxe5 34. Qxe5 Qb8 35. Qxb8 Rxb8 36. b6 h5 37. Be2 Nf5 38. Rd1 Nd6 39. f4 Rc8 40. Bd3 Bxd3 41. Rxd3 Rc6 42. Rb3 Kf8 43. Kf2 Ke7 44. Ke2 Nc4 45. Nxb7 a4 46. Rb4 Rxb6 47. Rxb6 Nxb6 48. Nc5 Kd6 49. Kd3 Kc6 50. Kc3 Kb5 51. Nd3 Nc4 52. Ne5 Nxa3 53. Nxf7 Ka5 0-1

[Event "CHN-chT"]
[Site "China"]
[Date "2013.08.04"]
[Round "9.3"]
[White "Zhao, Jun"]
[Black "Wang, Rui"]
[Result "1-0"]
[WhiteElo "2589"]
[BlackElo "2408"]
[PlyCount "75"]
[EventDate "2013.04.30"]
[EventType "team-tourn"]
[EventRounds "22"]
[EventCountry "CHN"]
[SourceTitle "EXT 2014"]
[Source "ChessBase"]
[SourceDate "2013.11.20"]
[SourceVersion "1"]
[SourceVersionDate "2013.11.20"]
[SourceQuality "1"]
[WhiteTeam "Shandong"]
[BlackTeam "Hebei"]
[WhiteTeamCountry "CHN"]
[BlackTeamCountry "CHN"]

1. e4 c6 2. Ne2 d6 3. d4 e5 4. Nbc3 Nf6 5. h3 b5 6. a3 Be7 7. g4 0-0 8. Bg2 a5 9. Ng3 Re8 10. 0-0 Ba6 11. Nce2 b4 12. Re1 c5 13. d5 g6 14. g5 Nfd7 15. h4 Nb6 16. Nf5 Bf8 17. Neg3 N8d7 18. Ne3 Bg7 19. Bh3 c4 20. axb4 axb4 21. Bd2 b3 22. Bb4 bxc2 23. Qxc2 Qc7 24. Ra5 Ra7 25. Rea1 Rea8 26. Qc3 Bf8 27. Bf1 Bb5 28. Rxa7 Rxa7 29. Rxa7 Qxa7 30. b3 Qa2 31. Nxc4 Bxc4 32. Bxc4 Nc5 33. Bxc5 dxc5 34. Qxe5 Nxc4 35. bxc4 Qxc4 36. Nf1 h5 37. gxh6 Qe2 38. Qe8 1-0